Quiz da Espanha - Statistics

Estatísticas Gerais
  • Esse quiz foi jogado 6 126 vezes
  • A pontuação média é 12 de 26
Estatísticas das Respostas
Dica Resposta % Correto
Capital Madrid
99%
Segunda maior cidade Barcelona
94%
Países fazendo fronteira com a Espanha Portugal
90%
Países fazendo fronteira com a Espanha França
87%
Peninsula onde a Espanha está situada Ibéria
86%
Nome espanhol para a Espanha España
81%
Países fazendo fronteira com a Espanha Andorra
71%
Liga de futebol profissional La Liga
67%
Região do acima Catalunha
62%
Pintor de "Guernica" Pablo Picasso
56%
Ditador entre 1939-1975 Francisco Franco
51%
"O homem de La Mancha" Dom Quixote
46%
Ano onde Cristóvão Colombo descobriu o Novo Mundo 1492
45%
Rei atual Felipe VI
35%
Ilhas mais populosas Maiorca
29%
Autor do livro acima Miguel de Cervantes
29%
Cidade no norte onde você poderá encontrar um museu Guggenheim Bilbau
26%
Marido e esposa que unificaram a Espanha Isabel
24%
Marido e esposa que unificaram a Espanha Fernando
22%
Moeda oficial antiga Peseta
19%
Conquistador dos Astecas Hernán Cortés
18%
Ilhas mais populosas Tenerife
17%
Conquistador dos Incas Francisco Pizarro
16%
Cidade da "Largada de touros" Pamplona
16%
Cordilheira separando a Espanha com a sua vizinha no norte Pirenéus
13%
Ilhas mais populosas Grã-Canária
5%
Nenhum quiz correspondente encontrado
Distribuição das Pontuações
Porcentagem de Pessoas com Cada Pontuação
Percentil de Números Respondidos
Sua Pontuação Histórica
Você não jogou esse quiz